| 000 | 00897nam a22002897a 4500 | ||
|---|---|---|---|
| 001 | 000466 | ||
| 003 | DO-SdBNP | ||
| 005 | 20171101094104.0 | ||
| 007 | 000466 | ||
| 008 | 160902b 2008 cl ||||| |||| 00| 0 spa d | ||
| 020 | _a956-239-216-3 | ||
| 040 |
_aBPMSU _bspa _cBPMSU |
||
| 082 | 4 |
_a658.4092 _bF529e, 2008 |
|
| 100 | 1 | _aFischman, David | |
| 245 | 1 | 0 |
_aEl espejo del líder / _cDavid Fischman. |
| 250 | _a6a ed. | ||
| 260 |
_aSantiago de Chile : _bAguilar Chilena de Ediciones, _bEmpresa El Mercurio, _c2002. |
||
| 300 |
_a221 p. ; _c24 cm. |
||
| 500 | _aIncluye datos biográficos del autor en la solapa de la cubierta. | ||
| 650 | 4 | _aLIDERAZGO | |
| 650 | 4 | _aAPTITUD DE MANDO | |
| 650 | 4 | _aGRUPOS DE TRABAJO | |
| 910 | _aValidado. Control de calidad MFF | ||
| 942 |
_2ddc _cBK |
||
| 945 | _aInventariado extr. / 2017 VM | ||
| 956 |
_2LOPEREZ _310 _620160902 _8BPMSU _a00041 |
||
| 999 |
_c11296 _d11296 |
||